• 首页
  • 本馆介绍
  • 公告通知
  • 最新文献
  • 馆藏检索
  • 电子资源
  • 读者导购
  • 参考咨询
  • 我的图书馆
  • 登录
  • 详细信息显示
  • 放入我的书架
  • 预约/预借图书
  • 作者相关作品
  • 分类相关作品
  • 丛书相关作品
  • 出版社相关作品

书目信息

  • 表格格式
  • 工作单格式
  • 卡片格式
题名:
杜仲栽培与加工
    
 
作者: 李容辉 编著
分册:  
出版信息: 北京   金盾出版社  1993.6
页数: 74页
开本: 19cm
丛书名:
单 册:
中图分类: S567.1
科图分类:
主题词: 杜仲--栽培 , 杜仲--加工
电子资源:
ISBN: 7-80022-618-2
000 00761nam0 2200241 45
001 0193037106
005 20070721153709.00
010    @a7-80022-618-2@dCNY2.00
100    @a19930828d1993 em y0chiy0121 ea
101 0  @achi
102    @aCN@b110000
105    @ay z 000yy
200 10 @a杜仲栽培与加工@ADU ZHONG ZAI PEI YU JIA GONG@f李容辉编著@FLI RONG HUI BIAN ZHU
210    @a北京@c金盾出版社@d1993.6
215    @a74页@d19cm
314    @a李容辉,中国科学院植物研究所任职
330    @a本书介绍了杜仲的利用价值、生物学特性、繁殖方法、栽培管理、病虫害防治、杜仲胶的提炼等10个部分。
606    @a杜仲@x栽培
606    @a杜仲@x加工
690    @aS567.1@v4
701  0 @a李容辉@ALI RONG HUI@4编著
801  0 @aCN@bTSSF@c20070721
905    @a10447@dS567.1@e36
    
    杜仲栽培与加工/李容辉编著.-北京:金盾出版社,1993.6
    74页;19cm
    
    
    ISBN 7-80022-618-2:CNY2.00
    本书介绍了杜仲的利用价值、生物学特性、繁殖方法、栽培管理、病虫害防治、杜仲胶的提炼等10个部分。
●
相关链接 在E读中查询图书 在五车中查询图书 在当当中查询图书 在豆瓣中查询图书


正题名:杜仲栽培与加工     索取号:S567.1/36         预约/预借

序号 登录号 条形码 馆藏地/架位号 状态 备注
1 0769548   207695485   第二样本阅览室/ [索取号:S567.1/36] 在馆    
唐山师范学院图书馆 欢迎您!
大连网信软件有限公司© 版权所有